000 01550cam a22003734i 4500
003 PE-LiUPU
005 20250731183416.0
008 150623s r 000 0 d
020 _a007072265X
035 _a(Sirsi) i9780070722651
040 _aPE-LiUPU
_bspa
_cPE-LiUPU
_erda
049 _aPRUA
082 0 4 _a796.51
_bY21W
_221
100 1 _aYanker, Gary D.,
_eautor.
245 1 0 _aWalking medicine :
_bthe lifetime guide to preventive and therapeutic exercisewalking programs /
_cGary Yanker.
264 1 _aNew York, NY :
_bMcGraw-Hill,
_c1993.
300 _a480 páginas :
_bilustraciones, tablas, gráficos ;
_c23 centímetros
336 _atext
_2rdacontent
337 _aunmediated
_2rdamedia
338 _avolume
_2rdacarrier
505 0 _aWalking and aging. Walkig for arthritis, back and joints. Cardiowalking. Walkshaping and weight control. Walktherapy. The walking shoe and foot book. Walking doctor and health professional directory.
526 _aP158
526 _aP146
526 _aP17
526 _aP12
526 _aP06
650 0 4 _aCaminata
_xUso terapéutico.
942 _2ddc
_cBOOK
949 _a796.51 Y21W
_wDEWEY
_c1
_i51682
_lCCODEBUL1
_mBUL
_p12.00
_r0
_sY
_tBOOK
_u2015-6-24
_xTEOLOGIA
_PP35
_0COMPRA
_o.STAFF. Colección General
994 _aC0
_bPEPRU
596 _a1
999 _a796.51 Y21W
_wDEWEY
_c33434
_i51682
_f2021-11-30
_g5
_lCCODEBUL1
_mBUL
_p12.00
_r0
_sY
_tBOOK
_u2015-6-24
_xEDUCACION
_PP35
_0COMPRA
_o.STAFF. Colección General
_d33434
980 _81
_gALBERTO SANCHEZ Responsable de Automatización